Enciclopedia de las Ciencias Filosóficas /

Guardado en:
Bibliografiske detaljer
Hovedforfatter: Hegel, Georg Wilhelm Friedrich, 1770-1831
Format: Ukendt
Udgivet: Cuba : El Instituto del Libro, 1968.
Fag:
Tags: Tilføj Tag
Ingen Tags, Vær først til at tagge denne postø!

MARC

LEADER 000000000a22000000004500
001 006704
082 0 4 |a 193.5   |b H462en 
100 1 |a Hegel, Georg Wilhelm Friedrich,   |d 1770-1831 
245 1 0 |a Enciclopedia de las Ciencias Filosóficas /   |c Georg Wilhelm Friedrich Hegel. 
260 1 |a Cuba :   |b El Instituto del Libro,   |c 1968. 
300 |a 538 páginas : (Estudios) 
650 4 |a FILOSOFIA 
999 |c 12151  |d 12151 
942 |c BK  |h 193.5 H462en  |2 z